Online Catalogue and eLibrary

Navasilu 10 (Record no. 3178)

MARC details
000 -LEADER
fixed length control field 00455nam a2200193Ia 4500
005 - DATE AND TIME OF LATEST TRANSACTION
control field 20241015044210.0
008 - FIXED-LENGTH DATA ELEMENTS--GENERAL INFORMATION
fixed length control field 240331s9999 xx 000 0 und d
020 ## - INTERNATIONAL STANDARD BOOK NUMBER
ISBN 10103988
082 ## - DDC Classification
Item Number - Author Mark NAV
Class No. 820
245 #0 - TITLE STATEMENT
Title Navasilu 10
260 ## - PUBLICATION, DISTRIBUTION, ETC.
Place of publication, distribution, etc. Colombo
Name of publisher, distributor, etc. US Educational Foundation
Date of publication, distribution, etc. 1990
300 ## - PHYSICAL DESCRIPTION
Extent (e.g. Volumes, Pages etc.) 139 p .,
650 ## - SUBJECT ADDED ENTRY--TOPICAL TERM
Topical term or geographic name entry element Fiction
650 ## - SUBJECT ADDED ENTRY--TOPICAL TERM
Topical term or geographic name entry element Poetry
650 ## - SUBJECT ADDED ENTRY--TOPICAL TERM
Topical term or geographic name entry element Drama
650 ## - SUBJECT ADDED ENTRY--TOPICAL TERM
Topical term or geographic name entry element Reviews and Articles
700 ## - ADDED ENTRY--PERSONAL NAME
Personal name De Abrew, K.
Relator term (Role) Editor
942 ## - Koha item type (Biblio)
Koha item type Books in Stacks (Lending)
Holdings
Lost status Damaged status Collection code Home library Current library Shelving location Date acquired Full call number Accession Number Item type
    Lending WERC Library WERC Library Social Science Cupboard 03/31/2024 820 NAV 443 Books in Stacks (Lending)

© WERC Library